000 00439nam a2200205Ia 4500
001 13297
003 GE_BSU
008 181216s||||||||xx |||||||||||||| ||und||
020 _a9780099545798
040 _cGE_BSU
080 _a821.111-32
100 _aGrisham,John.
245 4 _aThe confession.
260 _aLondon.
260 _bArrow Books.
260 _c2010
300 _a455p;20cm.
653 _aThe confession.
942 _cBK
999 _c46459
_d46459